| 000 | 01070pam a2200289 a 4500 | ||
|---|---|---|---|
| 999 |
_c8277 _d8277 |
||
| 001 | 51241 | ||
| 003 | GBCCL | ||
| 005 | 20241126110647.0 | ||
| 008 | 940106s1994 ilu b 000 0 eng | ||
| 010 | _a 94000409 | ||
| 020 | _a0830816690 (alk. paper) | ||
| 035 | _a(OCoLC)29752966 | ||
| 040 |
_aDLC _cDLC _dPGC _dLBB |
||
| 049 |
_aLBBK _aLBBC |
||
| 050 | 0 | 0 |
_aBV4011 _b.H33 1994 |
| 082 | 0 | 0 |
_a253 _220 _bHAN |
| 090 |
_aBV4011 _b.H33 1994 |
||
| 100 | 1 |
_aHansen, David, _d1953- _914422 |
|
| 245 | 1 | 4 |
_aThe art of pastoring : _bministry without all the answers / _cDavid Hansen. |
| 260 |
_aDowners Grove, Ill. : _aHyderabad : _bInterVarsity Press, _bGS Books _cc1994. _c2017 |
||
| 300 |
_a180 p. ; _c21 cm. |
||
| 504 | _aIncludes bibliographical references (p. [179]-180). | ||
| 505 | 0 | _aAn Ebenezer story : introduction -- Beginning -- Call -- The Holy Spirit -- Temptation -- Eschatology -- Preaching -- Prayer -- Friendship -- Sacrament -- Leadership -- Leaving -- Reward. | |
| 650 | 0 |
_aPastoral theology. _9414 |
|
| 650 | 0 |
_aClergy _xOffice. _9299 |
|
| 942 |
_2ddc _cBK _01 |
||